People strategies for trainers : (Record no. 347255)
[ view plain ]
| 000 -LEADER | |
|---|---|
| fixed length control field | 01600 a2200181 4500 |
| 020 ## - INTERNATIONAL STANDARD BOOK NUMBER | |
| International Standard Book Number | 0814472613 (paperback) |
| 020 ## - INTERNATIONAL STANDARD BOOK NUMBER | |
| International Standard Book Number | 9780814472613 (paperback) |
| 082 04 - DEWEY DECIMAL CLASSIFICATION NUMBER | |
| Classification number | 658.3124 |
| 090 ## - LOCALLY ASSIGNED LC-TYPE CALL NUMBER (OCLC); LOCAL CALL NUMBER (RLIN) | |
| -- | 4824 |
| -- | 4824 |
| 100 1# - MAIN ENTRY--PERSONAL NAME | |
| Personal name | Lucas, Robert W. |
| 245 10 - TITLE STATEMENT | |
| Title | People strategies for trainers : |
| Remainder of title | 176 tips and techniques for dealing with difficult classroom situations / |
| Statement of responsibility, etc. | Robert W. Lucas. |
| 250 ## - EDITION STATEMENT | |
| Edition statement | illustrated edition ed. |
| 260 ## - PUBLICATION, DISTRIBUTION, ETC. | |
| Place of publication, distribution, etc. | [S.l.] : |
| Name of publisher, distributor, etc. | AMACOM, |
| Date of publication, distribution, etc. | 2005. |
| 300 ## - PHYSICAL DESCRIPTION | |
| Extent | 224 p. ; |
| Dimensions | 23 cm. |
| 520 ## - SUMMARY, ETC. | |
| Summary, etc. | All learners are not created equal, so it's important for trainers and educators to create the proper environment in which all participants can maximize their potential. People Strategies for Trainers provides readers with dozens of tips and strategies for dealing with societal issues related to learners, showing them how to create training materials, and set up the learning environment. In addition to older and younger learners, people with disabilities, and those who speak English as a second language, readers will learn how to communicate in challenging situations, and with different types of learners including: * talkers * poor listeners * distracted, shy and inconsiderate participants * show-offs * class clowns * and more. A practical book that helps trainers put theory to work, People Strategies for Trainers contains a wealth of tools and resources that will help trainers address diverse styles and needs, even in unexpected and difficult circumstances. |
| 856 40 - ELECTRONIC LOCATION AND ACCESS | |
| Materials specified | Amazon.com |
| Uniform Resource Identifier | <a href="http://www.amazon.com/exec/obidos/ASIN/0814472613/chopaconline-20">http://www.amazon.com/exec/obidos/ASIN/0814472613/chopaconline-20</a> |
| 942 ## - ADDED ENTRY ELEMENTS (KOHA) | |
| Institution code [OBSOLETE] | NBS |
| Koha item type | Book |
| Call number prefix | 658.3124 LUC |
| Withdrawn status | Lost status | Damaged status | Not for loan | Permanent Location | Current Location | Date acquired | Total Checkouts | Full call number | Barcode | Date last seen | Date last checked out | Price effective from | Koha item type |
|---|---|---|---|---|---|---|---|---|---|---|---|---|---|
| Central Library (CL) | Central Library (CL) | 08/28/2013 | 2 | 658.3124 LUC | NBS6745 | 04/29/2019 | 02/06/2019 | 08/28/2013 | Book |
